| 000 | 00921nam a2200253 a 4500 | ||
|---|---|---|---|
| 001 | 000028466 | ||
| 003 | OSt | ||
| 005 | 20201023154611.0 | ||
| 008 | 110408s1947 dr ad 001 0 spa d | ||
| 040 |
_aDO-SdBNP _bspa _cBNPHU |
||
| 082 | 7 | 4 |
_a616.01 _bP592o _222 |
| 100 | 1 |
_aPichardo S., Manuel E. _955420 |
|
| 245 | 1 | 0 |
_aObtención de muestras para envío al laboratorio de Salud Pública / _cManuel E. Pichardo S. |
| 260 |
_aCiudad Trujillo, República Dominicana : _bServicio Cooperativo Inter-americano de Salud Pública, _c1947. |
||
| 300 |
_a54 p. : _bil., gráfcs., tablas ; _c24 cm. |
||
| 490 | 1 |
_aBoletín técnico _v2 |
|
| 590 | _aInventariado, 2018/LP | ||
| 650 | 4 |
_aMuestras para diagnóstico _955421 |
|
| 650 | 4 |
_aDiagnóstico de laboratorio _94837 |
|
| 650 | 4 |
_aMicrobiología médica _937846 |
|
| 830 | 0 |
_aBoletín técnico ; _n2 _955422 |
|
| 910 | _aValidado. Control de calidad EMS | ||
| 942 |
_2ddc _cLBS1 |
||
| 999 |
_c27958 _d27958 |
||